000 00664nam a2200241Ia 4500
003 OSt
005 20220918214639.0
006 a|||||r|||| 00| 0
007 ta
008 220917b |||||||| |||| 00| 0 eng d
024 _a138,508
037 _cTextual
040 _aARTS
_cARTS
_beng
041 _2eng
_aeng
082 _aY:10gG:5.1.C, L5
100 _aHughes J Donald
_9132142
245 0 _aEcology in ancient civilizations
260 _aAlbuquerque
_bUniv of New Mexico Press
_c1975
300 _ax,181p. illus maps
_ccm.
650 _aSOCIOLOGY
942 _hY:10gG:5.1.C, L5
_cTEXL
_2CC
999 _c261559
_d261559